[Event "CHI-ch Absoluto 2020"]
[Site "Las Condes"]
[Date "2020.02.14"]
[Round "4.5"]
[White "Romero Araya, Diego Alonso"]
[Black "Reinuaba Escobar, Carlos"]
[Result "0-1"]
[WhiteElo "2252"]
[BlackElo "2184"]
[Annotator "TA"]
[PlyCount "136"]
[EventDate "2020.02.11"]
[EventType "tourn"]
[EventCountry "CHI"]
[SourceTitle "playchess.com"]
[Source "ChessBase"]
[SourceQuality "1"]

{[%evp 17,136,34,37,17,34,8,30,23,21,24,33,32,46,17,43,46,72,36,28,21,31,33,38,16,15,22,16,0,61,58,131,-2,16,0,0,0,0,0,0,0,0,0,0,0,0,0,0,0,0,0,0,0,7,0,0,0,0,1,0,4,1,0,0,0,0,0,92,81,77,0,0,0,0,0,0,0,0,0,0,0,0,0,0,0,0,0,0,0,0,0,0,0,137,14,29974,29975,29977,29977,29982,29978,29990,29980,29980,29981,29981,29982,29982,29983,29980,8,8,8,15,19,204,196,148,8,14,-29991,-29992]} 1. e4 c5 2. Nf3 d6 3. d4 cxd4 4. Nxd4 Nf6 5. Nc3 Bd7 6. Bc4 Nc6 7. O-O g6 8. Bg5 Bg7 9. Nxc6 bxc6 10. Re1 {B57: Classical Sicilian: Sozin with 6...Qb6.} Qc7 {[#]} 11. Qd2 $146 ({Predecessor:} 11. Qf3 O-O 12. Rad1 Bg4 13. Qe3 Bxd1 14. Rxd1 Qb6 15. Qf3 Qc5 16. e5 dxe5 17. Bb3 Rad8 {0-1 (52) Marko,P (1703)-Kulas,S (2003) Poland 2014}) 11... O-O 12. Rad1 {White has an edge.} Rad8 13. Bb3 Bg4 14. f3 Be6 15. Qf2 h6 16. Be3 c5 17. e5 (17. Bxe6 {is more complex.} fxe6 18. Qh4 Qb7 19. b3 Nh5 20. Ne2) 17... dxe5 18. Rxd8 (18. Bxc5 {looks sharper.} Rxd1 19. Rxd1 e4 20. Nxe4 Nxe4 21. fxe4 Bxb3 22. cxb3 Rd8 23. Rf1) 18... Rxd8 19. Bxe6 fxe6 20. Bxc5 e4 $1 21. Bxa7 {Threatens to win with Bb6.} exf3 22. Bb6 Qb8 (22... Qc6 $11 23. Bxd8 Ng4 24. Qxf3 Bd4+ 25. Re3 (25. Kh1 Nf2+ 26. Kg1 Ng4+ 27. Re3 Bxe3+ 28. Kh1 Nf2+ 29. Kg1 Ng4+ 30. Kh1 Nf2+ 31. Kg1 Ng4+ $11) 25... Bxe3+ 26. Kh1 Nf2+ 27. Kg1 Ng4+ 28. Kh1 Nf2+ 29. Kg1 Ng4+) 23. gxf3 $14 Rf8 (23... Rd6 $14 24. Bc5 Ra6) 24. Qe3 (24. Rxe6 $16 Nd7 25. Bd4 (25. Rxg6 Ne5 $16) 25... Qxb2 26. Bxg7 (26. Rxg6 e5 $11) (26. Rxe7 Qc1+ 27. Re1 Bxd4 $14) 26... Kxg7 27. Rxe7+ Rf7 28. Qd4+ Nf6 29. Rxf7+ Kxf7 30. Qd2 (30. Qc4+ Kg7 $18)) 24... Kh7 25. a4 Nd7 $1 {[%cal Rd7b6]} 26. a5 Ne5 27. Rf1 Nc4 28. Qxe6 Nd2 29. Rf2 Nxf3+ 30. Kh1 Bxc3 31. bxc3 Qb7 $1 32. a6 $1 {[%cal Ra6b7]} Qxa6 33. Qxe7+ {[%mdl 64] Double Attack} Kg8 34. Qe6+ Kh7 $132 {[%mdl 2048] Black is not keeping still} 35. Qd7+ Kg8 {( -> ...Qa1+)} 36. Qd5+ Kh7 37. Rxf3 Rxf3 38. Qxf3 Qxb6 $11 {[%mdl 4096] Endgame KQ-KQ} 39. Kg2 h5 40. Qe4 Qc5 41. c4 Qg5+ (41... Qd6 $11) 42. Kf3 $16 Qf6+ 43. Ke2 (43. Ke3 $16) 43... Qd6 $1 $11 44. h4 Qh2+ 45. Kd3 Qg3+ 46. Kd4 {aiming for c5.} Qd6+ 47. Kc3 Qa3+ 48. Kd2 Qd6+ 49. Kc3 Qa3+ 50. Kd4 {Strongly threatening c5.} Qd6+ 51. Qd5 Qf4+ 52. Kc3 {And now Qd7+ would win.} Qxh4 53. c5 {Hoping for c6.} Qg3+ 54. Kb4 {Black must now prevent c6.} h4 (54... Qb8+ $11 55. Kc4 Qf4+ 56. Kb3 Kh6) 55. c6 (55. Qd7+ $16 Kh6 56. c6 Qb8+ 57. Kc4 Qf4+ 58. Qd4 Qf1+ 59. Kd5 Qf3+ 60. Kd6 Qf8+ 61. Kd7 Qf7+ 62. Kd6 Qf8+ 63. Kd7 Qf7+ 64. Kd6 Qf8+) 55... h3 $2 {[%mdl 8192] [#]} (55... Qb8+ $11 56. Kc5 Qf8+ 57. Kb5 Qb8+ 58. Kc5 Qf8+ 59. Kb5 Qb8+ 60. Kc5) 56. Qd7+ $1 Kh6 57. c7 h2 58. c8=Q Qh4+ 59. c4 Qe1+ 60. Kb5 h1=Q 61. Qh8+ Kg5 62. Qdd8+ Kg4 63. Qdd4+ $2 (63. Qc8+ {mates} Kg3 64. Qc7+ Kg4 65. Qhc8+ Kf3 66. Qf8+ Kg2 67. Qc6+ Kg1 68. Qcc5+ Kg2 69. Qg5+ {[%mdl 64] Double Attack} Qg3 70. Qa8+ Kh2 71. Qxh1+ {[%mdl 64] Overworked Piece} Kxh1 72. Qxg3) 63... Qhe4 64. Qc8+ Kg3 65. Qc7+ Kf3 $2 {[#]} (65... Kg2 $1 $11 66. Qb2+ Qf2 67. Qxf2+ Kxf2) 66. Qf7+ $1 $18 Qf5+ 67. Qdd5+ (67. Qfd5+ $16 Qxd5+ 68. Qxd5+ (68. cxd5 Qe8+ 69. Kb4 Qb8+ 70. Kc4 Qd6 $16) 68... Kf4 69. Qf7+ Kg5 70. c5) 67... Qee4 $11 68. Kc6 $2 {[%mdl 8192]} (68. Kb6 $11) 68... Qxf7 0-1

[Event "CHI-ch Absoluto 2020"]
[Site "Las Condes"]
[Date "2020.02.15"]
[Round "5.1"]
[White "Gomez Barrera, Gonzalo Andres"]
[Black "Romero Araya, Diego Alonso"]
[Result "0-1"]
[WhiteElo "2040"]
[BlackElo "2252"]
[Annotator "ChessBase"]
[PlyCount "60"]
[EventDate "2020.02.11"]
[EventType "tourn"]
[EventCountry "CHI"]
[SourceTitle "playchess.com"]
[Source "ChessBase"]
[SourceQuality "1"]
[TimeControl "5400+30"]

1. e4 {[%emt 0:00:00]} c6 {[%emt 0:04:01]} 2. d4 {[%emt 0:00:00]} d5 {[%emt 0:00:10]} 3. exd5 {[%emt 0:00:00]} cxd5 {[%emt 0:00:07]} 4. c4 {[%emt 0:00:00]} Nf6 {[%emt 0:00:41]} 5. Nc3 {[%emt 0:00:07]} g6 {[%emt 0:01:34]} 6. Bg5 {[%emt 0:20:13]} Bg7 {[%emt 0:04:41]} 7. Bxf6 {[%emt 0:04:41]} Bxf6 {[%emt 0:00:11]} 8. Nxd5 {[%emt 0:03:02]} Bg7 {[%emt 0:02:29]} 9. Nc3 {[%emt 0:07:08]} Qxd4 {[%emt 0:11:07]} 10. Qxd4 {[%emt 0:06:45]} Bxd4 {[%emt 0:00:09]} 11. Nge2 {[%emt 0:05:25]} Be5 {[%emt 0:01:45]} 12. g3 {[%emt 0:01:30]} Be6 {[%emt 0:09:07]} 13. Bg2 {[%emt 0:05:28]} Nc6 {[%emt 0:00:15]} 14. b3 {[%emt 0:08:34]} O-O-O {[%emt 0:00:59]} 15. Rc1 {[%emt 0:02:08]} Nb4 {[%emt 0:11:24]} 16. O-O {[%emt 0:00:47]} Rd2 {[%emt 0:00:23]} 17. a3 {[%emt 0:08:42]} Nc2 {[%emt 0:12:29]} 18. Rfd1 {[%emt 0:10:13]} Rhd8 {[%emt 0:01:32]} 19. Rxd2 {[%emt 0:07:03]} Rxd2 {[%emt 0:00:08]} 20. Kf1 {[%emt 0:02:39]} Bg4 {[%emt 0:12:24]} 21. f3 {[%emt 0:04:48]} Bf5 {[%emt 0:00:31]} 22. Nb1 {[%emt 0:01:16]} Rd7 {[%emt 0:10:30]} 23. Kf2 {[%emt 0:00:29]} Bb2 {[%emt 0:00:29]} 24. Rf1 {[%emt 0:00:25]} Nxa3 {[%emt 0:00:29]} 25. Nxa3 {[%emt 0:00:33]} Bxa3 {[%emt 0:00:09]} 26. Ra1 {[%emt 0:00:25]} Bc5+ {[%emt 0:00:26]} 27. Kf1 {[%emt 0:00:20]} Rd2 {[%emt 0:00:47]} 28. g4 {[%emt 0:00:46]} Bd3 {[%emt 0:00:14]} 29. Re1 {[%emt 0:00:07]} Rb2 {[%emt 0:00:08]} 30. f4 {[%emt 0:00:21]} Bb4 {[%emt 0:00:15]} 0-1

[Event "CHI-ch Absoluto 2020"]
[Site "Las Condes"]
[Date "2020.02.15"]
[Round "5.3"]
[White "Valenzuela Fuentealba, Luis"]
[Black "Gasic Merino, Franco Ignacio"]
[Result "1/2-1/2"]
[WhiteElo "2450"]
[BlackElo "2168"]
[Annotator "ChessBase"]
[PlyCount "57"]
[EventDate "2020.02.11"]
[EventType "tourn"]
[EventCountry "CHI"]
[SourceTitle "playchess.com"]
[Source "ChessBase"]
[SourceQuality "1"]
[TimeControl "5400+30"]

1. d4 {[%emt 0:11:05]} Nf6 {[%emt 0:00:00]} 2. c4 {[%emt 0:00:13]} g6 {[%emt 0:00:00]} 3. Nf3 {[%emt 0:00:16]} Bg7 {[%emt 0:00:00]} 4. g3 {[%emt 0:00:07]} c5 {[%emt 0:00:00]} 5. Bg2 {[%emt 0:00:47]} cxd4 {[%emt 0:00:07]} 6. Nxd4 {[%emt 0:00:11]} O-O {[%emt 0:00:09]} 7. Nc3 {[%emt 0:01:31]} Nc6 {[%emt 0:00:08]} 8. Nc2 {[%emt 0:03:55]} Qa5 {[%emt 0:00:52]} 9. O-O {[%emt 0:07:06]} d6 {[%emt 0:00:03]} 10. Bd2 {[%emt 0:16:58]} Qh5 {[%emt 0:00:08]} 11. e4 {[%emt 0:00:13]} Ng4 {[%emt 0:00:05]} 12. h3 {[%emt 0:00:48]} Nge5 {[%emt 0:00:06]} 13. Ne3 {[%emt 0:19:43]} Bxh3 {[%emt 0:00:37]} 14. Qxh5 {[%emt 0:00:25]} gxh5 {[%emt 0:00:01]} 15. f4 {[%emt 0:00:19]} Bxg2 {[%emt 0:00:05]} 16. Kxg2 {[%emt 0:00:04]} Ng4 {[%emt 0:00:10]} 17. Nf5 {[%emt 0:03:23]} Bxc3 {[%emt 0:00:05]} 18. Bxc3 {[%emt 0:07:48]} e6 {[%emt 0:00:26]} 19. Nxd6 {[%emt 0:00:08]} Ne3+ {[%emt 0:00:05]} 20. Kf2 {[%emt 0:00:05]} Nxf1 {[%emt 0:00:04]} 21. Rxf1 {[%emt 0:00:51]} b6 {[%emt 0:01:27]} 22. Bf6 {[%emt 0:03:46]} h6 {[%emt 0:00:28]} 23. Rh1 Kh7 {[%emt 0:00:03]} 24. f5 {[%emt 0:00:03]} Rg8 {[%emt 0:00:04]} 25. Rxh5 {[%emt 0:00:02]} exf5 26. exf5 Rg6 {[%emt 0:00:01]} 27. fxg6+ {[%emt 0:00:07]} Kxg6 {[%emt 0:00:02]} 28. Rf5 Kh7 {[%emt 0:00:06]} 29. Rh5 {[%emt 0:00:02]} 1/2-1/2

[Event "CHI-ch Absoluto 2020"]
[Site "Las Condes"]
[Date "2020.02.15"]
[Round "5.4"]
[White "Vergara Jofre, Felipe Andres"]
[Black "Aguirre Contreras, Cristian Rodrigo"]
[Result "0-1"]
[WhiteElo "2217"]
[BlackElo "2187"]
[Annotator "ChessBase"]
[PlyCount "74"]
[EventDate "2020.02.11"]
[EventType "tourn"]
[EventCountry "CHI"]
[SourceTitle "playchess.com"]
[Source "ChessBase"]
[SourceQuality "1"]
[TimeControl "5400+30"]

1. e4 {[%emt 0:00:00]} g6 {[%emt 0:00:00]} 2. d4 {[%emt 0:00:53]} Bg7 {[%emt 0:00:00]} 3. Nf3 {[%emt 0:00:07]} d6 {[%emt 0:01:28]} 4. Bc4 {[%emt 0:01:10]} c6 {[%emt 0:00:39]} 5. h3 {[%emt 0:00:56]} Nf6 {[%emt 0:01:05]} 6. e5 {[%emt 0:00:38]} dxe5 {[%emt 0:00:43]} 7. Nxe5 {[%emt 0:00:07]} O-O {[%emt 0:00:18]} 8. O-O {[%emt 0:00:23]} Nbd7 {[%emt 0:00:25]} 9. Nc3 {[%emt 0:21:25]} Nb6 {[%emt 0:05:34]} 10. Bb3 {[%emt 0:00:49]} a5 {[%emt 0:00:01]} 11. a4 {[%emt 0:00:31]} Nbd5 {[%emt 0:00:55]} 12. Ne2 {[%emt 0:08:45]} Be6 {[%emt 0:13:02]} 13. c4 {[%emt 0:09:40]} Nb4 {[%emt 0:02:14]} 14. Be3 {[%emt 0:08:49]} b6 {[%emt 0:07:32]} 15. Nf4 {[%emt 0:10:21]} Bf5 {[%emt 0:01:57]} 16. g4 {[%emt 0:04:16]} Bc8 {[%emt 0:02:04]} 17. Qf3 {[%emt 0:00:10]} Bb7 {[%emt 0:10:55]} 18. Rfd1 {[%emt 0:10:52]} Qc7 {[%emt 0:02:09]} 19. c5 {[%emt 0:02:03]} bxc5 {[%emt 0:02:14]} 20. Nxf7 {[%emt 0:07:39]} Nfd5 {[%emt 0:02:35]} 21. Ne6 {[%emt 0:01:14]} Qd7 {[%emt 0:00:16]} 22. Nxf8 {[%emt 0:05:06]} Rxf8 {[%emt 0:00:08]} 23. dxc5 {[%emt 0:00:40]} Rxf7 {[%emt 0:01:46]} 24. Qg3 {[%emt 0:00:28]} e5 {[%emt 0:05:08]} 25. Rd2 {[%emt 0:01:21]} Qe7 {[%emt 0:01:18]} 26. Re1 {[%emt 0:00:28]} Ba6 {[%emt 0:01:03]} 27. Bd4 {[%emt 0:01:56]} e4 {[%emt 0:00:33]} 28. Bxg7 {[%emt 0:01:49]} Kxg7 {[%emt 0:00:12]} 29. Rd4 {[%emt 0:00:53]} Bd3 {[%emt 0:05:01]} 30. Qd6 {[%emt 0:00:49]} Qh4 {[%emt 0:06:35]} 31. Qe5+ {[%emt 0:00:01]} Kh6 {[%emt 0:00:13]} 32. g5+ {[%emt 0:00:43]} Qxg5+ {[%emt 0:00:52]} 33. Qxg5+ {[%emt 0:00:01]} Kxg5 {[%emt 0:00:08]} 34. Bxd5 {[%emt 0:01:17]} cxd5 {[%emt 0:00:53]} 35. c6 {[%emt 0:00:09]} Kf4 {[%emt 0:01:39]} 36. Rc1 {[%emt 0:00:40]} Rc7 {[%emt 0:00:06]} 37. Rc5 {[%emt 0:00:49]} Ke5 {[%emt 0:01:59]} 0-1

[Event "CHI-ch Absoluto 2020"]
[Site "Las Condes"]
[Date "2020.02.15"]
[Round "5.5"]
[White "Torres Bravo, Cristobal Renato"]
[Black "Garcia Cardenas, Pablo"]
[Result "0-1"]
[WhiteElo "2372"]
[BlackElo "2424"]
[Annotator "ChessBase"]
[PlyCount "128"]
[EventDate "2020.02.11"]
[EventType "tourn"]
[EventCountry "CHI"]
[SourceTitle "playchess.com"]
[Source "ChessBase"]
[SourceQuality "1"]
[TimeControl "5400+30"]

1. Nf3 {[%emt 0:05:45]} d5 {[%emt 0:00:00]} 2. c4 {[%emt 0:00:28]} e6 {[%emt 0:00:00]} 3. e3 {[%emt 0:00:13]} Nf6 {[%emt 0:00:00]} 4. b3 {[%emt 0:00:09]} c5 {[%emt 0:00:35]} 5. cxd5 {[%emt 0:01:12]} exd5 {[%emt 0:00:02]} 6. d4 {[%emt 0:00:51]} Nc6 {[%emt 0:00:44]} 7. Be2 {[%emt 0:01:05]} cxd4 {[%emt 0:02:56]} 8. Nxd4 {[%emt 0:00:40]} Bb4+ {[%emt 0:01:02]} 9. Bd2 {[%emt 0:00:30]} Bxd2+ {[%emt 0:02:13]} 10. Nxd2 {[%emt 0:01:43]} Nxd4 {[%emt 0:05:36]} 11. exd4 {[%emt 0:00:04]} O-O {[%emt 0:02:29]} 12. O-O {[%emt 0:00:09]} Bf5 {[%emt 0:00:25]} 13. Nf3 {[%emt 0:00:46]} Rc8 {[%emt 0:00:37]} 14. Ne5 {[%emt 0:15:09]} Qa5 {[%emt 0:15:48]} 15. Bd3 {[%emt 0:16:59]} Bxd3 {[%emt 0:03:03]} 16. Qxd3 {[%emt 0:02:04]} Rc3 {[%emt 0:02:23]} 17. Qf5 {[%emt 0:01:59]} Rfc8 {[%emt 0:00:29]} 18. g4 {[%emt 0:03:09]} Qc7 {[%emt 0:01:50]} 19. g5 {[%emt 0:06:08]} Ne4 {[%emt 0:02:40]} 20. f3 {[%emt 0:05:04]} Nd6 {[%emt 0:10:28]} 21. Qf4 {[%emt 0:01:05]} Rc2 {[%emt 0:06:37]} 22. Kh1 {[%emt 0:04:27]} Qe7 {[%emt 0:09:20]} 23. Rae1 {[%emt 0:04:01]} Qe6 {[%emt 0:01:19]} 24. Ng4 {[%emt 0:12:38]} Re2 {[%emt 0:00:09]} 25. Rxe2 {[%emt 0:00:30]} Qxe2 {[%emt 0:00:03]} 26. Rf2 {[%emt 0:00:13]} Qe6 {[%emt 0:04:27]} 27. Qe5 {[%emt 0:04:54]} Nf5 {[%emt 0:01:09]} 28. Qf4 {[%emt 0:03:59]} Nh4 {[%emt 0:13:23]} 29. Nh6+ {[%emt 0:04:00]} gxh6 {[%emt 0:00:30]} 30. Qxh4 {[%emt 0:00:04]} Qe1+ {[%emt 0:03:56]} 31. Kg2 {[%emt 0:00:07]} Rc6 {[%emt 0:00:21]} 32. Qf4 {[%emt 0:01:26]} Rg6 {[%emt 0:00:11]} 33. h4 {[%emt 0:01:30]} hxg5 {[%emt 0:00:10]} 34. Qb8+ {[%emt 0:00:59]} Kg7 {[%emt 0:00:02]} 35. h5 {[%emt 0:00:42]} Rh6 {[%emt 0:00:57]} 36. Rc2 {[%emt 0:00:47]} Rxh5 {[%emt 0:03:49]} 37. Qe5+ {[%emt 0:00:05]} Qxe5 {[%emt 0:00:04]} 38. dxe5 {[%emt 0:00:03]} Rh6 {[%emt 0:00:18]} 39. Rd2 {[%emt 0:01:25]} Ra6 {[%emt 0:00:37]} 40. Kg3 {[%emt 0:00:34]} Ra5 {[%emt 0:02:32]} 41. Rd4 {[%emt 0:01:24]} Kg6 {[%emt 0:00:42]} 42. b4 {[%emt 0:00:40]} Rxa2 {[%emt 0:00:15]} 43. Rxd5 {[%emt 0:00:04]} Ra6 {[%emt 0:00:18]} 44. f4 {[%emt 0:01:34]} Ra3+ {[%emt 0:00:39]} 45. Kf2 {[%emt 0:00:11]} gxf4 {[%emt 0:00:01]} 46. Rd6+ {[%emt 0:00:13]} Kf5 {[%emt 0:00:14]} 47. Rf6+ {[%emt 0:00:04]} Kxe5 {[%emt 0:00:05]} 48. Rxf7 {[%emt 0:00:02]} b5 {[%emt 0:00:07]} 49. Rxh7 {[%emt 0:00:10]} Kd4 {[%emt 0:01:03]} 50. Rc7 {[%emt 0:00:17]} a5 {[%emt 0:05:05]} 51. bxa5 {[%emt 0:00:35]} Rxa5 {[%emt 0:00:32]} 52. Rb7 {[%emt 0:00:48]} Kc3 {[%emt 0:01:53]} 53. Rc7+ {[%emt 0:00:42]} Kb3 {[%emt 0:00:15]} 54. Kf3 {[%emt 0:00:33]} Ra1 {[%emt 0:00:24]} 55. Ke2 {[%emt 0:00:52]} f3+ {[%emt 0:00:49]} 56. Kf2 {[%emt 0:01:00]} Rd1 {[%emt 0:00:07]} 57. Kxf3 {[%emt 0:00:22]} Re1 {[%emt 0:00:06]} 58. Kf2 {[%emt 0:00:31]} Re5 {[%emt 0:00:12]} 59. Kf3 {[%emt 0:00:33]} b4 {[%emt 0:00:05]} 60. Kf2 {[%emt 0:00:04]} Kb2 {[%emt 0:00:04]} 61. Kf3 {[%emt 0:00:18]} b3 {[%emt 0:00:01]} 62. Kf2 {[%emt 0:00:11]} Kb1 {[%emt 0:00:09]} 63. Kf1 {[%emt 0:00:13]} b2 {[%emt 0:00:29]} 64. Kf2 {[%emt 0:00:10]} Rb5 {[%emt 0:00:46]} 0-1

[Event "CHI-ch Absoluto 2020"]
[Site "Las Condes"]
[Date "2020.02.15"]
[Round "6.1"]
[White "Aguirre Contreras, Cristian Rodrigo"]
[Black "Torres Bravo, Cristobal Renato"]
[Result "1/2-1/2"]
[WhiteElo "2187"]
[BlackElo "2372"]
[Annotator "TA"]
[PlyCount "74"]
[EventDate "2020.02.11"]
[EventType "tourn"]
[EventCountry "CHI"]
[SourceTitle "playchess.com"]
[Source "ChessBase"]
[SourceQuality "1"]

{[%evp 19,74,0,0,0,0,0,-2,-3,23,-2,27,30,52,41,41,28,43,43,29,16,16,16,16,16,19,22,10,15,78,81,69,10,18,0,0,0,30,25,30,30,26,26,39,32,34,30,45,26,29,6,5,7,8,0,18,0,8]} 1. e4 c5 2. c3 Nf6 3. e5 Nd5 4. d4 cxd4 5. Nf3 e6 6. cxd4 d6 7. a3 Bd7 8. Bd3 Bc6 9. O-O Nd7 10. Re1 Be7 11. exd6 {B22: Sicilian: 2 c3.} Bxd6 12. Bg5 {[#]} Qc7 $146 ({Predecessor:} 12... Be7 13. Bxe7 Qxe7 14. Nc3 O-O 15. Ne5 Nxe5 16. Nxd5 Bxd5 17. dxe5 Rfd8 18. Qe2 Qg5 {½-½ (37) Westerinen,H (2410)-Yrjola,J (2460) Finland 1996}) 13. Nbd2 {[%cal Bb1d2,Bd2e4,Be4g5][%mdl 32]} Nf4 14. Bf1 Nb6 15. Rc1 Be7 16. Ne4 Bxg5 17. Nexg5 h6 18. Ne4 Ng6 19. Ne5 Nxe5 20. dxe5 {Black must now prevent Nd6+.} O-O 21. Qh5 Qe7 22. Rc3 Bxe4 23. Rxe4 {Black should prevent Rg4.} Nd5 {[#]} (23... Qg5 $1 $11 24. Qxg5 hxg5) 24. Rg3 $1 $16 {Threatens to win with Qxh6.} f5 25. Rh4 ({Better is} 25. exf6 $14 Nxf6 26. Qh4) 25... Kh8 $1 $11 26. Rgh3 Kh7 27. Bc4 Rad8 (27... Rac8 {with more complications.} 28. Rg3 Nb6 29. Qg6+ Kh8 30. Rgh3 Rf7) 28. Rg3 ({Worse is} 28. Bxd5 Rxd5 29. Rc4 (29. Rg3 $2 f4 $19) 29... Rfd8 $17) 28... Qf7 29. Qxf7 $1 Rxf7 30. Rd4 Rfd7 31. Rgd3 g5 32. g3 g4 33. h3 h5 34. hxg4 hxg4 {The position is equal.} 35. Bb5 Rc7 36. Bc4 {[%cal Rc4d5]} Rcd7 37. Bb5 Rc7 {Accuracy: White = 93%, Black = 81%.} 1/2-1/2

[Event "CHI-ch Absoluto 2020"]
[Site "Las Condes"]
[Date "2020.02.15"]
[Round "6.2"]
[White "Gasic Merino, Franco Ignacio"]
[Black "Vergara Jofre, Felipe Andres"]
[Result "1-0"]
[WhiteElo "2168"]
[BlackElo "2217"]
[Annotator "TA"]
[PlyCount "81"]
[EventDate "2020.02.11"]
[EventType "tourn"]
[EventCountry "CHI"]
[SourceTitle "playchess.com"]
[Source "ChessBase"]
[SourceQuality "1"]

{[%evp 9,91,14,30,26,36,19,39,28,72,64,59,58,39,0,49,52,82,83,130,116,234,131,234,225,229,205,303,297,304,330,422,404,398,357,453,50,31,53,36,50,44,54,115,100,102,111,91,98,106,110,126,130,144,137,113,84,99,100,165,106,134,72,371,329,504,291,2282,1851,29978,29979,29979,29980,29980,29981,29981,29982,29981,29983,29983,4144,29981,29982,29983,29984]} 1. d4 Nf6 2. g3 c5 3. d5 b5 4. f3 e6 5. e4 c4 6. a4 {A45: Trompowsky Attack.} Qa5+ {[#]} 7. c3 $146 ({Predecessor:} 7. Bd2 b4 8. dxe6 fxe6 9. c3 Nc6 10. Bxc4 Bc5 11. Be2 O-O 12. Nh3 d5 13. cxb4 Nxb4 {0-1 (28) Gasic Merino,F (2226)-Perez Ponsa,F (2560) Sao Paulo 2019}) 7... Bc5 8. Bg5 {White is slightly better.} O-O 9. Bxf6 gxf6 10. Nh3 Bb7 11. Be2 exd5 12. exd5 Re8 13. Nf4 Na6 {[#]} 14. Nd2 $1 f5 (14... b4 $16 {was worth a try.}) 15. Kf1 ({Better is} 15. axb5 $18 Qxb5 16. Kf1) 15... Nc7 (15... b4 $16 {keeps fighting.}) 16. axb5 $18 Qxb5 17. b4 Be3 (17... Bf8 $142) 18. Nxc4 {aiming for Ra5.} Bxf4 19. Ra5 ({Less strong is} 19. gxf4 Qxd5 20. Rg1+ Kf8 $16) 19... Qxa5 20. Nxa5 ({Weaker is} 20. bxa5 Bh6 $18) 20... Nxd5 {Hoping for ...Ne3+.} 21. Qd4 Ne3+ 22. Kf2 $2 (22. Kg1 $18 Ng4 23. Qxf4 Rxe2 24. fxg4 (24. Nxb7 Ne3 $11) 24... Bxh1 25. Kxh1) 22... Ng4+ $1 $14 23. fxg4 Be3+ 24. Qxe3 $1 Rxe3 25. Nxb7 Rxc3 (25... Rae8 $1 $14 26. Bd1 Rxc3) 26. gxf5 $16 Rb8 27. Nc5 Rxb4 28. Nxd7 {Threatens to win with Nf6+.} Rb2 29. Nf6+ Kg7 30. Nh5+ Kh6 31. g4 Rcc2 32. Nf4 a5 33. h4 {Black must now prevent f6.} f6 (33... Kg7 $16) 34. Ke3 (34. Rg1 $18) 34... Rb3+ {[#]} 35. Bd3 (35. Nd3 $142 $1) 35... Rcc3 $2 {[%mdl 8192]} (35... Rc4 $16) 36. Kd4 a4 (36... Rc8 {was called for.} 37. Ra1 Ra8) 37. Bc4 Ra3 $2 (37... Rxc4+ 38. Kxc4 Rg3) 38. Ne6 $18 Rh3 39. g5+ fxg5 40. hxg5+ Kh5 41. Be2+ {Played: Ne6-f4} 1-0

[Event "CHI-ch Absoluto 2020"]
[Site "Las Condes"]
[Date "2020.02.15"]
[Round "6.3"]
[White "Salinas Herrera, Pablo Patricio"]
[Black "Valenzuela Fuentealba, Luis"]
[Result "1-0"]
[WhiteElo "2502"]
[BlackElo "2450"]
[Annotator "TA"]
[PlyCount "95"]
[EventDate "2020.02.11"]
[EventType "tourn"]
[EventCountry "CHI"]
[SourceTitle "playchess.com"]
[Source "ChessBase"]
[SourceQuality "1"]

{[%evp 13,95,0,18,27,41,38,41,41,54,50,49,58,62,61,62,68,68,66,76,66,94,94,97,87,85,81,94,74,107,114,68,28,16,14,8,0,29,-16,0,0,0,0,29,0,0,0,0,0,0,0,0,0,0,0,0,0,0,0,0,0,0,1,8,0,7,8,8,0,0,11,125,119,197,191,391,391,673,332,6053,6053,5643,5457,5736,5643]} 1. e4 c5 2. Nf3 d6 3. d4 cxd4 4. Nxd4 Nf6 5. Nc3 a6 6. Be2 e5 7. Nf3 h6 8. Nd2 $1 {[%mdl 4] is currently scoring better than 8.0-0. B92: Sicilian Najdorf: 6 Be2.} Be6 9. Nc4 Qc7 10. Ne3 {White is slightly better.} Nbd7 11. a4 Rc8 12. O-O Be7 13. Ncd5 {[#]} Qd8 $146 ({Predecessor:} 13... Bxd5 14. exd5 g6 15. a5 O-O 16. c4 Kh7 17. b4 Ng8 18. Nc2 Bg5 19. f4 Bxf4 20. Bxf4 exf4 21. Rxf4 {1-0 (40) Saurabh,A (2269)-Vasquez Schroder,R (2487) New Delhi 2020}) 14. Nxe7 Qxe7 15. f3 O-O 16. a5 Rfd8 17. c4 Nf8 18. Nd5 Bxd5 19. exd5 Nh5 20. g3 f5 21. f4 {Hoping for fxe5.} Nf6 22. Qd3 {next fxe5 is good for White.} exf4 23. Rxf4 Re8 24. Bf1 g6 25. Bd2 Ne4 26. Re1 Qg7 27. Be3 Qxb2 28. g4 (28. Rb1 $5 {[%cal Rb1b2]} Qg7 29. Bd4 $11) 28... Nc5 29. Qd1 $1 Qc3 30. Bd2 $1 {[%cal Rd2c3]} Rxe1 31. Qxe1 Qe5 $1 32. gxf5 Qxe1 33. Bxe1 g5 $1 {[%cal Rg5f4]} 34. Rf3 Nfd7 35. Re3 {White wants to play Bg3.} Ne5 36. Bc3 Re8 37. Bd4 Kf7 38. Bxc5 dxc5 $11 {[%mdl 4096] Endgame KRB-KRN} 39. Rb3 Kf6 40. Rxb7 Kxf5 41. Rb6 Ng4 {[#]} (41... Ra8 $11 {remains equal.}) 42. h3 $1 $16 Ne3 (42... Ne5 $16 {keeps fighting.}) 43. Rxa6 $18 Nxf1 $2 (43... Rb8) 44. Kxf1 Re4 $2 {[#]} (44... Re7 45. Rc6 (45. Rxh6 Ra7 $16) 45... Ra7 46. Rxc5 Ke5) 45. Ra8 (45. Re6 $142 $1 {[%mdl 512] Rxe4 would kill now.} Rh4 (45... Rxe6 46. dxe6) 46. Re8 Rf4+ 47. Ke2 Rxc4 48. d6) 45... Rxc4 $2 (45... Re7 46. Rc8 (46. a6 Ke5 $16) 46... Ke5) 46. a6 {White is clearly winning.} Rf4+ 47. Kg1 Rb4 48. Rf8+ {Accuracy: White = 85%, Black = 62%.} 1-0